ბათუმის შოთა რუსთაველის სახელმწიფო უნივერსიტეტის ბიბლიოთეკა

საზოგადოებრივი ჯანდაცვა. (ბიბ.ჩანაწერი № 36574)

000 -LEADER
fixed length control field 00831nam a2200229Ia 4500
001 - CONTROL NUMBER
control field 2493
003 - CONTROL NUMBER IDENTIFIER
control field GE_BSU
008 - FIXED-LENGTH DATA ELEMENTS--GENERAL INFORMATION
fixed length control field 181216s||||||||xx |||||||||||||| ||und||
020 ## - INTERNATIONAL STANDARD BOOK NUMBER
International Standard Book Number 999289346
040 ## - CATALOGING SOURCE
Transcribing agency GE_BSU
080 ## - UNIVERSAL DECIMAL CLASSIFICATION NUMBER
Universal Decimal Classification number 614(479.22)(072)
100 ## - MAIN ENTRY--PERSONAL NAME
Personal name ურუშაძე,რამაზ
245 ## - TITLE STATEMENT
Title საზოგადოებრივი ჯანდაცვა.
245 ## - TITLE STATEMENT
Remainder of title ქართული მედიცინის განვითარების მიმართულებები(მეთოდური სახელმძღვანელო.
260 ## - PUBLICATION, DISTRIBUTION, ETC.
Place of publication, distribution, etc. თბილისი.
260 ## - PUBLICATION, DISTRIBUTION, ETC.
Name of publisher, distributor, etc. ლეგა
260 ## - PUBLICATION, DISTRIBUTION, ETC.
Date of publication, distribution, etc. 2002
300 ## - PHYSICAL DESCRIPTION
Extent 592გვ;20სმ.
653 ## - INDEX TERM--UNCONTROLLED
Uncontrolled term საზოგადოებრივი ჯანდაცვა.
942 ## - ADDED ENTRY ELEMENTS (KOHA)
Koha item type წიგნი
ეგზემპლარები
Withdrawn status Lost status Damaged status Not for loan Date acquired Barcode Date last seen Price effective from Koha item type
        2018-12-17 1060 2018-12-17 2018-12-17 წიგნი
        2018-12-17 1061 2018-12-17 2018-12-17 წიგნი
        2018-12-17 1062 2018-12-17 2018-12-17 წიგნი
        2018-12-17 1063 2018-12-17 2018-12-17 წიგნი